000 00493nam a2200193Ia 4500
008 090124s9999 xx 000 0 und d
020 _a81-7492-263-6
082 _b46712
100 _aमहाले रमेश
245 _a विज्ञान
250 _a1
260 _c2008
300 _a76
600 _aमहाले रमेश
630 _a विज्ञान
700 _aमहाले रमेश
730 _a विज्ञान
942 _cBOOK
999 _c112921
_d112921